[Event "WchT Rapid"]
[Site "London"]
[Date "2025.06.13"]
[Round "12.1"]
[White "Kozak, Adam"]
[Black "Gurevich, Ilya"]
[Result "1-0"]
[WhiteElo "2577"]
[BlackElo "2586"]
[PlyCount "99"]
[EventDate "2025.06.11"]
[EventType "team-swiss"]
[EventRounds "12"]
[EventCountry "ENG"]
[SourceTitle "CB25_2025"]
[SourceDate "2025.06.18"]
[SourceVersion "1"]
[SourceVersionDate "2025.06.18"]
[SourceQuality "1"]
[WhiteTeam "Team Hungary"]
[BlackTeam "e-therapeutics"]
[WhiteTeamCountry "HUN"]
[BlackTeamCountry "ENG"]

1. d4 Nf6 2. c4 g6 3. Nc3 d5 4. cxd5 Nxd5 5. e4 Nxc3 6. bxc3 Bg7 7. h3 c5 8. Nf3 0-0 9. Be2 b6 10. 0-0 Bb7 11. e5 Nc6 12. Bg5 h6 13. Bf4 e6 14. Qd2 Kh7 15. h4 cxd4 16. cxd4 Ne7 17. h5 g5 18. Be3 Kg8 19. Nh2 Nf5 20. Ng4 f6 21. Qb2 Nh4 22. exf6 Bxf6 23. f3 Nf5 24. Nxf6+ Qxf6 25. Bf2 Rad8 26. Rad1 Bd5 27. Qd2 Rd7 28. g4 Nd6 29. Bg3 Nf7 30. Qc2 Qg7 31. Rd2 Bb7 32. Qc3 Rfd8 33. Rfd1 Qf6 34. Qe3 a6 35. a4 Bc6 36. Be5 Nxe5 37. dxe5 Qf4 38. Qxf4 gxf4 39. Rxd7 Rxd7 40. Rd6 Rxd6 41. exd6 Kf7 42. Kf2 Bxa4 43. Bxa6 Bc6 44. Bd3 b5 45. Be4 Bxe4 46. fxe4 b4 47. g5 b3 48. g6+ Kf8 49. d7 Ke7 50. g7 1-0

[Event "WchT Rapid"]
[Site "London"]
[Date "2025.06.13"]
[Round "9.1"]
[White "Kozak, Adam"]
[Black "Navara, David"]
[Result "1-0"]
[WhiteElo "2577"]
[BlackElo "2671"]
[PlyCount "101"]
[EventDate "2025.06.11"]
[EventType "team-swiss"]
[EventRounds "12"]
[EventCountry "ENG"]
[SourceTitle "CB25_2025"]
[SourceDate "2025.06.18"]
[SourceVersion "1"]
[SourceVersionDate "2025.06.18"]
[SourceQuality "1"]
[WhiteTeam "Team Hungary"]
[BlackTeam "Katowice Hetman"]
[WhiteTeamCountry "HUN"]
[BlackTeamCountry "POL"]

1. d4 Nf6 2. c4 e6 3. Nc3 Bb4 4. e3 0-0 5. Bd3 d5 6. a3 Bxc3+ 7. bxc3 dxc4 8. Bxc4 c5 9. Ne2 Qc7 10. Ba2 Rd8 11. 0-0 b6 12. Ng3 Ba6 13. Re1 Nc6 14. Bb2 Na5 15. e4 Bc4 16. Bxc4 Nxc4 17. Bc1 cxd4 18. cxd4 Qd7 19. e5 Nd5 20. Bg5 Rf8 21. Nh5 Kh8 22. Qd3 b5 23. Re4 f5 24. exf6 gxf6 25. Bh6 Rg8 26. Rae1 Rg6 27. Bc1 Rag8 28. g3 f5 29. R4e2 h6 30. Qf3 Kh7 31. Bf4 Qf7 32. h3 a6 33. Kh2 Rd8 34. Be5 Rg5 35. Nf4 Nxf4 36. Bxf4 Rg6 37. d5 Rxd5 38. Rxe6 Rxe6 39. Qxd5 Rf6 40. Qd8 Re6 41. Rd1 Re8 42. Qd4 Qe6 43. Qc5 Kg6 44. h4 Rc8 45. Qa7 Re8 46. h5+ Kxh5 47. Qg7 Re7 48. g4+ fxg4 49. Rd5+ Ne5 50. Rxe5+ Qxe5 51. Qxh6# 1-0

[Event "POL-chT Ekstraliga"]
[Site "Chotowa"]
[Date "2025.06.10"]
[Round "9.2"]
[White "Kozak, Adam"]
[Black "Cyborowski, Lukasz"]
[Result "1-0"]
[WhiteElo "2587"]
[BlackElo "2459"]
[PlyCount "57"]
[EventDate "2025.06.02"]
[EventType "team-tourn"]
[EventRounds "9"]
[EventCountry "POL"]
[SourceTitle "CB24_2025"]
[SourceDate "2025.06.11"]
[SourceVersion "1"]
[SourceVersionDate "2025.06.11"]
[SourceQuality "1"]
[WhiteTeam "Raciborz Silesia"]
[BlackTeam "Miedzyborow Wrzos"]
[WhiteTeamCountry "POL"]
[BlackTeamCountry "POL"]

1. d4 d5 2. c4 e6 3. Nc3 Nf6 4. cxd5 exd5 5. Bg5 c6 6. e3 h6 7. Bf4 Bd6 8. Bxd6 Qxd6 9. Bd3 0-0 10. Nge2 b6 11. f3 c5 12. Qd2 Re8 13. 0-0-0 Ba6 14. dxc5 bxc5 15. Ng3 Nbd7 16. Be4 Qb6 17. Nxd5 Nxd5 18. Bxd5 Rad8 19. Qc3 Nf6 20. e4 Nxd5 21. Rxd5 Rxd5 22. exd5 Qg6 23. Rd1 h5 24. d6 h4 25. Ne4 Be2 26. d7 Rd8 27. Rd6 Qxg2 28. Qa5 Qf1+ 29. Kc2 1-0

[Event "POL-chT Ekstraliga"]
[Site "Chotowa"]
[Date "2025.06.06"]
[Round "5.2"]
[White "Kozak, Adam"]
[Black "Boyer, Mahel"]
[Result "1/2-1/2"]
[WhiteElo "2587"]
[BlackElo "2523"]
[PlyCount "31"]
[EventDate "2025.06.02"]
[EventType "team-tourn"]
[EventRounds "9"]
[EventCountry "POL"]
[SourceTitle "CB24_2025"]
[SourceDate "2025.06.11"]
[SourceVersion "1"]
[SourceVersionDate "2025.06.11"]
[SourceQuality "1"]
[WhiteTeam "Raciborz Silesia"]
[BlackTeam "Dabrowa Gornicza Zaglebie"]
[WhiteTeamCountry "POL"]
[BlackTeamCountry "POL"]

1. d4 Nf6 2. c4 g6 3. Nc3 Bg7 4. e4 d6 5. Nf3 0-0 6. Be2 e5 7. 0-0 b6 8. Bg5 h6 9. Be3 Nc6 10. dxe5 dxe5 11. h3 Bb7 12. Rc1 Re8 13. c5 Nd4 14. Nxd4 exd4 15. Bxd4 Nxe4 16. Bxg7 1/2-1/2

[Event "Sharjah Masters-A 8th"]
[Site "Sharjah"]
[Date "2025.05.25"]
[Round "9"]
[White "Muradli, Mahammad"]
[Black "Kozak, Adam"]
[Result "1-0"]
[WhiteElo "2603"]
[BlackElo "2578"]
[PlyCount "105"]
[EventDate "2025.05.17"]
[EventType "swiss"]
[EventRounds "9"]
[EventCountry "UAE"]
[SourceTitle "CB22_2025"]
[SourceDate "2025.05.28"]
[SourceVersion "1"]
[SourceVersionDate "2025.05.28"]
[SourceQuality "1"]

1. Nf3 Nf6 2. c4 e6 3. g3 d5 4. Bg2 dxc4 5. Qa4+ Bd7 6. Qxc4 c5 7. Ne5 Qc8 8. Qd3 Nc6 9. Nxd7 Qxd7 10. Qxd7+ Kxd7 11. b3 Nd5 12. Bb2 f6 13. Nc3 Nxc3 14. Bxc3 Be7 15. e3 Rac8 16. Ke2 b6 17. a3 Rc7 18. g4 e5 19. h4 Ke6 20. Be4 Bd6 21. Bf5+ Kf7 22. Bd3 h6 23. Rab1 Nd8 24. g5 Be7 25. Bc4+ Kf8 26. gxh6 Rxh6 27. Rbg1 Nf7 28. d3 Rh5 29. a4 Nd6 30. Be6 e4 31. Rg6 exd3+ 32. Kxd3 Nf5 33. f4 Bd8 34. Bxf5 Rxf5 35. h5 Rd7+ 36. Kc4 Kf7 37. Rhg1 Rxh5 38. Rxg7+ Ke6 39. Rxd7 Kxd7 40. Rg7+ Ke6 41. Rxa7 Rh3 42. Kd3 Rh1 43. Rg7 Rh3 44. Ke4 f5+ 45. Kd3 Rh2 46. Rg6+ Kf7 47. Rd6 Ke8 48. Rd5 Rh5 49. Kc4 Rh3 50. Rxf5 Rxe3 51. Re5+ Rxe5 52. Bxe5 Kd7 53. Kb5 1-0

[Event "Sharjah Masters-A 8th"]
[Site "Sharjah"]
[Date "2025.05.24"]
[Round "8"]
[White "Kozak, Adam"]
[Black "Sevian, Samuel"]
[Result "1/2-1/2"]
[WhiteElo "2578"]
[BlackElo "2694"]
[PlyCount "34"]
[EventDate "2025.05.17"]
[EventType "swiss"]
[EventRounds "9"]
[EventCountry "UAE"]
[SourceTitle "CB22_2025"]
[SourceDate "2025.05.28"]
[SourceVersion "1"]
[SourceVersionDate "2025.05.28"]
[SourceQuality "1"]

1. d4 Nf6 2. c4 g6 3. Nc3 Bg7 4. e4 d6 5. Nf3 0-0 6. Be2 Na6 7. 0-0 e5 8. a3 c6 9. d5 Nc5 10. Qc2 cxd5 11. cxd5 Bg4 12. h3 Bxf3 13. Bxf3 Rc8 14. Be3 h5 15. Rac1 a6 16. b4 Ncd7 17. Qd3 Kh7 1/2-1/2

[Event "Sharjah Masters-A 8th"]
[Site "Sharjah"]
[Date "2025.05.18"]
[Round "2"]
[White "Movahed, Sina"]
[Black "Kozak, Adam"]
[Result "0-1"]
[WhiteElo "2518"]
[BlackElo "2578"]
[PlyCount "148"]
[EventDate "2025.05.17"]
[EventType "swiss"]
[EventRounds "9"]
[EventCountry "UAE"]
[SourceTitle "CB22_2025"]
[SourceDate "2025.05.28"]
[SourceVersion "1"]
[SourceVersionDate "2025.05.28"]
[SourceQuality "1"]

1. e4 e5 2. Nf3 Nc6 3. Bb5 a6 4. Ba4 Nf6 5. 0-0 Be7 6. Re1 b5 7. Bb3 d6 8. c3 0-0 9. h3 Na5 10. Bc2 c5 11. d4 Qc7 12. d5 Nb7 13. Be3 Rb8 14. b4 a5 15. Nbd2 Bd7 16. a3 Ra8 17. Bd3 axb4 18. axb4 g6 19. Nf1 Nh5 20. Qd2 c4 21. Bc2 Rfc8 22. Ng3 Nxg3 23. fxg3 Nd8 24. Qf2 Qb7 25. Ba7 Rc7 26. Bb6 Rcc8 27. Ra5 Ra6 28. Be3 Rxa5 29. bxa5 Qa6 30. Bb6 Nb7 31. Rf1 Rf8 32. h4 f6 33. h5 Nc5 34. Qe3 Kg7 35. Bd1 Qc8 36. Be2 Na4 37. Kh2 Qb8 38. Ra1 Bd8 39. Bxd8 Qxd8 40. h6+ Kg8 41. a6 Qb6 42. Qxb6 Nxb6 43. Ra5 Na4 44. a7 Ra8 45. Ra6 Nxc3 46. Rb6 Rxa7 47. Rb8+ Kf7 48. Rh8 g5 49. Nh4 gxh4 50. Bh5+ Ke7 51. Rxh7+ Kd8 52. gxh4 Nxe4 53. Rg7 Bf5 54. Rxa7 c3 55. Ra8+ Ke7 56. Ra7+ Kd8 57. Bd1 Nf2 58. Bb3 Ng4+ 59. Kg3 Nxh6 60. Ra6 Ke7 61. Kf3 Bg4+ 62. Ke4 Nf5 63. Ra7+ Kd8 64. Kd3 Nxh4 65. Rg7 f5 66. g3 Nf3 67. Kxc3 Nd4 68. Ba2 Ne2+ 69. Kb4 Nd4 70. Ka5 e4 71. Rg8+ Ke7 72. Kb4 e3 73. Kc3 e2 74. Kd2 Nc2 0-1

[Event "Titled Tuesday intern op 06th May Early"]
[Site "Chess.com INT"]
[Date "2025.05.06"]
[Round "8"]
[White "Badacsonyi, Stanley Ethan Artie"]
[Black "Kozak, Adam"]
[Result "1-0"]
[WhiteElo "2289"]
[BlackElo "2578"]
[PlyCount "91"]
[EventDate "2025.05.06"]
[EventType "swiss (blitz)"]
[EventRounds "11"]
[EventCountry "USA"]
[SourceTitle "CB20_2025"]
[SourceDate "2025.05.14"]
[SourceVersion "1"]
[SourceVersionDate "2025.05.14"]
[SourceQuality "1"]

1. d4 Nf6 2. c4 b6 3. Nc3 Bb7 4. Qc2 d5 5. cxd5 Nxd5 6. e4 Nxc3 7. bxc3 e6 8. Nf3 Nd7 9. Bd3 c5 10. 0-0 Be7 11. Bf4 cxd4 12. cxd4 Rc8 13. Qe2 0-0 14. Rac1 Nf6 15. Rxc8 Qxc8 16. Rc1 Qa8 17. Nd2 Rc8 18. Rxc8+ Qxc8 19. f3 Qc3 20. Nb3 a5 21. Bd2 Qb2 22. Be3 Qa3 23. Qc2 a4 24. Nd2 b5 25. Kf2 Qb4 26. Qc7 Ba6 27. Qa7 Qc3 28. Qxe7 h6 29. Ke2 Qb2 30. Qa7 Bc8 31. Qb8 Qc3 32. Qxb5 Kh7 33. Qc4 Qb2 34. Qxc8 e5 35. dxe5 Qxe5 36. Qf5+ Qxf5 37. exf5 Nd5 38. f6+ g6 39. Ne4 Nb4 40. Bc4 a3 41. Bxf7 g5 42. Bc4 Kg6 43. f7 Nd5 44. Bxd5 g4 45. f8Q g3 46. Qf7# 1-0

[Event "Menorca op-A 4th"]
[Site "Ciutadella"]
[Date "2025.04.23"]
[Round "2"]
[White "Karacsonyi, Gellert"]
[Black "Kozak, Adam"]
[Result "1-0"]
[WhiteElo "2379"]
[BlackElo "2598"]
[PlyCount "91"]
[EventDate "2025.04.22"]
[EventType "swiss"]
[EventRounds "9"]
[EventCountry "ESP"]
[SourceTitle "CB18_2025"]
[SourceDate "2025.04.30"]
[SourceVersion "1"]
[SourceVersionDate "2025.04.30"]
[SourceQuality "1"]

1. e4 c5 2. Nf3 Nc6 3. Nc3 d6 4. d4 cxd4 5. Nxd4 Nf6 6. Bc4 Bd7 7. Nxc6 Bxc6 8. Qe2 e6 9. Bf4 a6 10. 0-0-0 Nd7 11. Bxd6 Bxd6 12. Rxd6 Qg5+ 13. Qd2 Qxg2 14. Rd1 0-0 15. Rxc6 bxc6 16. Qxd7 Qxf2 17. Qd2 Qc5 18. Qd4 Qg5+ 19. Qd2 Qc5 20. Bb3 Qe5 21. Qd6 Qg5+ 22. Qd2 Qe5 23. Qd6 Qg5+ 24. Qd2 Qh4 25. Rf1 Rad8 26. Qf4 Qxf4+ 27. Rxf4 g5 28. Rg4 h6 29. e5 Kg7 30. Ne4 Kg6 31. Nf6 h5 32. Re4 Kh6 33. Bc4 a5 34. Be2 g4 35. h3 gxh3 36. Re3 Rd4 37. Rxh3 h4 38. c3 Ra4 39. c4 Rxa2 40. Rxh4+ Kg5 41. Rg4+ Kh6 42. Ng8+ Kh7 43. Bd3+ Kh8 44. Ne7 Ra1+ 45. Bb1 f5 46. exf6 1-0

[Event "San Vicente op 9th"]
[Site "San Vicente"]
[Date "2025.04.19"]
[Round "6"]
[White "Ladron de Guevara Pinto, Paolo"]
[Black "Kozak, Adam"]
[Result "0-1"]
[WhiteElo "2411"]
[BlackElo "2598"]
[PlyCount "118"]
[EventDate "2025.04.16"]
[EventType "swiss"]
[EventRounds "9"]
[EventCountry "ESP"]
[SourceTitle "CB17_2025"]
[SourceDate "2025.04.23"]
[SourceVersion "1"]
[SourceVersionDate "2025.04.23"]
[SourceQuality "1"]

1. e4 c5 2. Nf3 d6 3. Bb5+ Nc6 4. 0-0 Bd7 5. Re1 Nf6 6. c3 a6 7. Bf1 Bg4 8. h3 Bxf3 9. Qxf3 g6 10. Qd1 Bg7 11. d3 0-0 12. Nd2 Nd7 13. Nf3 Nde5 14. Nh2 Nd7 15. Be3 Qa5 16. a3 Rac8 17. d4 cxd4 18. cxd4 Nf6 19. Bd3 e5 20. Nf3 exd4 21. Nxd4 Ne5 22. b4 Qd8 23. f4 Nxd3 24. Qxd3 Re8 25. Bf2 d5 26. e5 Ne4 27. Rac1 Rxc1 28. Rxc1 g5 29. Be3 gxf4 30. Bxf4 Bxe5 31. Bxe5 Rxe5 32. Nf3 Re6 33. Qd4 h6 34. Rd1 Rd6 35. Qe5 Qb6+ 36. Kh2 Rg6 37. Rd4 Nf6 38. Rf4 Qf2 39. Nh4 Ng4+ 40. Rxg4 Rxg4 41. Qb8+ Kh7 42. hxg4 Qxh4+ 43. Kg1 Qe1+ 44. Kh2 Qh4+ 45. Kg1 Qe7 46. Qf4 Qe6 47. a4 Kg7 48. Qd4+ Kg6 49. Kh2 Qd6+ 50. Kh3 Qd7 51. Kh4 Kh7 52. Qd3+ Kg8 53. Qd4 Qxa4 54. Qxd5 Qxb4 55. Qe5 Qf8 56. g5 Qd8 57. Kh3 hxg5 58. Kg4 f6 59. Qc5 Kg7 0-1

[Event "San Vicente op 9th"]
[Site "San Vicente"]
[Date "2025.04.18"]
[Round "4"]
[White "Movsziszian, Karen"]
[Black "Kozak, Adam"]
[Result "1/2-1/2"]
[WhiteElo "2417"]
[BlackElo "2598"]
[PlyCount "93"]
[EventDate "2025.04.16"]
[EventType "swiss"]
[EventRounds "9"]
[EventCountry "ESP"]
[SourceTitle "CB17_2025"]
[SourceDate "2025.04.23"]
[SourceVersion "1"]
[SourceVersionDate "2025.04.23"]
[SourceQuality "1"]

1. g3 d5 2. Nf3 Nf6 3. Bg2 e6 4. 0-0 c5 5. d4 cxd4 6. Nxd4 e5 7. Nb3 Be6 8. c4 Nc6 9. cxd5 Nxd5 10. Nc3 Nxc3 11. bxc3 Qxd1 12. Rxd1 Rc8 13. Be3 b6 14. Bd5 Bxd5 15. Rxd5 f6 16. a4 Ne7 17. Rb5 Nf5 18. a5 Nd6 19. Rd5 Rxc3 20. axb6 axb6 21. Nd2 Rc6 22. Rb1 Nc8 23. Rdb5 Be7 24. Bxb6 Kf7 25. e3 h5 26. h3 Nd6 27. Rc5 Rhc8 28. Rbc1 Rxc5 29. Rxc5 Ra8 30. Rc2 Ra6 31. Bc5 Rc6 32. Rc1 Nb5 33. Ba3 Nc3 34. Ra1 Ra6 35. Bb2 Rxa1+ 36. Bxa1 Na4 37. Kf1 Ke6 38. Ke2 Kd5 39. e4+ Ke6 40. f4 exf4 41. gxf4 g6 42. Bd4 Nc5 43. Bxc5 Bxc5 44. Kf3 Bd4 45. Nc4 Bc5 46. Nb2 Bd6 47. Nc4 1/2-1/2

[Event "EU-ch 25th"]
[Site "Eforie Nord"]
[Date "2025.03.24"]
[Round "9"]
[White "Bodrogi, Bendeguz"]
[Black "Kozak, Adam"]
[Result "0-1"]
[WhiteElo "2460"]
[BlackElo "2601"]
[PlyCount "80"]
[EventDate "2025.03.15"]
[EventType "swiss"]
[EventRounds "11"]
[EventCountry "ROU"]
[SourceTitle "CB13_2025"]
[SourceDate "2025.03.26"]
[SourceVersion "1"]
[SourceVersionDate "2025.03.26"]
[SourceQuality "1"]

1. Nf3 d5 2. g3 Nf6 3. Bg2 e6 4. 0-0 c5 5. d3 Be7 6. Bf4 Nc6 7. a4 Bd6 8. Bxd6 Qxd6 9. Nbd2 e5 10. e4 d4 11. Nc4 Qc7 12. c3 Bg4 13. h3 Bxf3 14. Qxf3 0-0 15. Rfc1 Rfd8 16. Bf1 Rab8 17. Kg2 Qe7 18. Be2 b6 19. Bd1 Rd7 20. Bb3 Rbd8 21. Rd1 g6 22. Ba2 Kg7 23. Na3 h5 24. Bc4 h4 25. Bb5 Rc7 26. Nc4 Rb8 27. Rdb1 Qe6 28. a5 Nxa5 29. Nxa5 bxa5 30. Rxa5 Qb3 31. Bc4 Qc2 32. Rba1 hxg3 33. Qxg3 Rxb2 34. Rxa7 Nh5 35. Qh4 Rbb7 36. R1a2 Qc1 37. Ra1 Qf4 38. Rxb7 Qxh4 39. Rxc7 Nf4+ 40. Kg1 Qg5+ 0-1

[Event "EU-ch 25th"]
[Site "Eforie Nord"]
[Date "2025.03.18"]
[Round "4"]
[White "Kozak, Adam"]
[Black "Pancevski, Filip"]
[Result "1-0"]
[WhiteElo "2601"]
[BlackElo "2421"]
[PlyCount "77"]
[EventDate "2025.03.15"]
[EventType "swiss"]
[EventRounds "11"]
[EventCountry "ROU"]
[SourceTitle "CB13_2025"]
[SourceDate "2025.03.26"]
[SourceVersion "1"]
[SourceVersionDate "2025.03.26"]
[SourceQuality "1"]

1. d4 Nf6 2. c4 g6 3. Nc3 Bg7 4. e4 d6 5. Nf3 0-0 6. Be2 e5 7. 0-0 Bg4 8. d5 a5 9. h3 Bd7 10. Be3 Na6 11. Nd2 Ne8 12. a3 Qe7 13. b4 f5 14. Nb3 b6 15. bxa5 Nc5 16. axb6 cxb6 17. Nxc5 bxc5 18. Bd2 Nf6 19. Kh2 Nxe4 20. Nxe4 fxe4 21. Bg4 Bf5 22. a4 Bf6 23. Ra3 Kh8 24. a5 Bg5 25. Bxf5 gxf5 26. Bxg5 Qxg5 27. Qe2 Ra7 28. a6 Rg8 29. Rg3 Qf4 30. Ra1 Rga8 31. Qh5 Rg8 32. Raa3 Rag7 33. Qe2 Ra7 34. Qb2 e3 35. Raxe3 Rxa6 36. Ref3 Qh6 37. Rxg8+ Kxg8 38. Qb8+ Qf8 39. Rg3+ 1-0

[Event "Titled Tuesday intern op 04th Mar Early"]
[Site "Chess.com INT"]
[Date "2025.03.04"]
[Round "5"]
[White "Hayrapetyan, Edgar"]
[Black "Kozak, Adam"]
[Result "1-0"]
[WhiteElo "2137"]
[BlackElo "2601"]
[PlyCount "109"]
[EventDate "2025.03.04"]
[EventType "swiss (blitz)"]
[EventRounds "11"]
[EventCountry "USA"]
[SourceTitle "CB11_2025"]
[SourceDate "2025.03.12"]
[SourceVersion "1"]
[SourceVersionDate "2025.03.12"]
[SourceQuality "1"]

1. e4 c5 2. Nc3 a6 3. g3 b5 4. Bg2 Bb7 5. Nge2 b4 6. Na4 e6 7. 0-0 Nf6 8. d3 d6 9. b3 Nbd7 10. a3 a5 11. axb4 axb4 12. Be3 h5 13. h4 Ng4 14. Bg5 Qc7 15. Qd2 Ndf6 16. Nb2 Rxa1 17. Rxa1 Be7 18. Nc4 0-0 19. Nf4 Qb8 20. Nxh5 Re8 21. Nxf6+ Nxf6 22. Bf4 Bf8 23. Qc1 Ng4 24. Qd1 Ne5 25. Bxe5 dxe5 26. Ra5 Rd8 27. Qa1 f6 28. Rb5 Qc8 29. Qa7 Bc6 30. Rb6 Rd7 31. Qb8 Qxb8 32. Rxb8 Ra7 33. Bh3 f5 34. Rc8 Bd7 35. Rd8 fxe4 36. dxe4 Bc6 37. Bxe6+ Kh7 38. Rxf8 Bxe4 39. Bf5+ Bxf5 40. Rxf5 Ra2 41. Ne3 c4 42. bxc4 Rxc2 43. Nxc2 b3 44. Na3 b2 45. Rxe5 b1Q+ 46. Nxb1 Kh6 47. f4 g5 48. c5 g4 49. c6 Kg6 50. c7 Kf6 51. c8Q Kg7 52. Qe6 Kh8 53. Rd5 Kg7 54. Rd7+ Kf8 55. Qf7# 1-0

[Event "Titled Tuesday intern op 04th Mar Early"]
[Site "Chess.com INT"]
[Date "2025.03.04"]
[Round "4"]
[White "Kozak, Adam"]
[Black "Novik, Maxim"]
[Result "1-0"]
[WhiteElo "2601"]
[BlackElo "2398"]
[PlyCount "83"]
[EventDate "2025.03.04"]
[EventType "swiss (blitz)"]
[EventRounds "11"]
[EventCountry "USA"]
[SourceTitle "CB11_2025"]
[SourceDate "2025.03.12"]
[SourceVersion "1"]
[SourceVersionDate "2025.03.12"]
[SourceQuality "1"]

1. c4 Nf6 2. Nc3 d5 3. cxd5 Nxd5 4. d4 g6 5. e4 Nxc3 6. bxc3 Bg7 7. Qa4+ Nd7 8. Nf3 0-0 9. Be2 c5 10. 0-0 Qc7 11. e5 Nb6 12. Qa3 Be6 13. Bg5 h6 14. Bh4 Bc4 15. Bxc4 Nxc4 16. Qb3 Nb6 17. Rad1 e6 18. Nd2 Rac8 19. Ne4 cxd4 20. cxd4 Qc2 21. Qf3 Nd5 22. Rd2 Qa4 23. h3 b6 24. Rfd1 Rc4 25. Rd3 Qd7 26. Nd6 Rc6 27. Bg3 a6 28. h4 b5 29. h5 g5 30. Kh2 b4 31. Kh1 Rc3 32. Ne4 Rxd3 33. Qxd3 Qb5 34. Qf3 a5 35. Rc1 Qd7 36. Nd6 f5 37. exf6 Bxf6 38. Qe4 Nc3 39. Qc2 Bg7 40. Re1 a4 41. Qg6 Nd5 42. Rxe6 1-0